00817nam a2200241 i 4500001001000000003000900010005001700019007000300036008004100039040003000080082001700110100006000127245007900187250002200266264004400288300002200332336002700354337003300381338002800414490002600442500007300468500003400541000038954DO-SdBNP20250708072601.0ta130508s1976 dr r 000 0 spa d aDO-SdBNPbspacBNPHUerda 4axxxbxxx2221 aJimenes Grullón, Juan Isidro,d1903-1983eautor4aut.10aSociología política dominicana 1844-1966 /cJuan I. Jimenes Grullón. aSegunda edición 1aSanto Domingo :bEditora Taller,c1976. avolumen ;c23 cm. atextobtxt2rdacontent asin mediaciónbn2rdamedia avolumenbnc2rdacarrier1 aBiblioteca Tallerv50 aIncluye referencias bibliográficas y notas al pie de las páginas aLa biblioteca posee el vol. I